Rodisko knižnej krásy (o činnosti Vydavateľstva Osveta n.p., Martin)

Bibliographic Details
Main Authors: Krajč, Ján, 1919-1993 (Author), Kalina, František, 1919-1992 (Author)
Format: Article
Language:Slovak
Subjects:

MARC

LEADER 00000nab a2200000 ar4500
001 vtls010066794
003 SK-MaSNL
005 20260303214309.0
008 100219c1973 xo zr|n|||||||000 b|slo
015 |a SNBRB2010/02  |2 snkbucl 
038 |a SNKBUCL 
040 |a SNKBUCL  |b slo  |c SNKBUCL  |e AACR2 
041 0 |a slo 
044 |a xo  |c SK 
080 |a 655.41  |x (437.6)  |2 1997 
100 1 |a Krajč, Ján,  |d 1919-1993  |4 aut  |9 5987 
245 1 0 |a Rodisko knižnej krásy  |b (o činnosti Vydavateľstva Osveta n.p., Martin)  |c Ján Krajč, František Kalina 
610 2 7 |a Osveta (vydavateľstvo : Martin, Slovensko)  |2 snkbucl  |9 57502 
700 1 |a Kalina, František,  |d 1919-1992  |4 aut  |9 38747 
773 0 |t Smena na nedeľu  |g Roč. 8(26), č. 38 (1973), s. 6-7 
852 |a SNK  |b KIS3GCP 
958 |a KL 
958 |a SK 
999 |c 2216286  |d 2218216